00778cam a2200229 4500001000700000003000900007005001700016008004100033010001700074040002800091043001200119050001600131082001400147100003300161245003100194260005700225300003700282490005900319504009400378651002000472830005600492277930BDDh-ASL20231015030132.0700821s1961 miub b 001 0 eng  a 61010988  aDLCcDLCdDLCdBDDh-ASL aa-ii---00aDS436b.S6800a954bSPI 1 aSpear, Percival,d1901-1982.00aIndia, a modern history /  aAnn Arbor : bUniversity of Michigan Press, c[1961] ax, 491, xix p. : bmaps.c25 cm.1 aThe University of Michigan history of the modern world aBibliographical references included in "Notes" (p. [457]-467) Bibliography: p. [469]-488. 0aIndiaxHistory. 0aUniversity of Michigan history of the modern world.